All About Words (Record no. 297754)

MARC details
000 -LEADER
fixed length control field 00413nam a2200157Ia 4500
008 - FIXED-LENGTH DATA ELEMENTS--GENERAL INFORMATION
fixed length control field 230718s9999 xx 000 0 und d
041 ## - LANGUAGE CODE
Language code of text/sound track or separate title eng
082 ## - DEWEY DECIMAL CLASSIFICATION NUMBER
Classification number 623.1
Item number NUR
100 ## - MAIN ENTRY--PERSONAL NAME
Personal name Nurnberg M.
9 (RLIN) 118061
245 ## - TITLE STATEMENT
Title All About Words
Remainder of title An Adult Apporoach To Vocabulary Building
260 ## - PUBLICATION, DISTRIBUTION, ETC. (IMPRINT)
Date of publication, distribution, etc. 1997
Name of publisher, distributor, etc. Goyl Saab
300 ## - PHYSICAL DESCRIPTION
Extent 415
365 ## - TRADE PRICE
Currency code Rs.
700 ## - ADDED ENTRY--PERSONAL NAME
Personal name Nurnberg M. & Rosenblum M.
9 (RLIN) 186346
906 ## - LOCAL DATA ELEMENT F, LDF (RLIN)
c GENRL
Holdings
Withdrawn status Lost status Damaged status Not for loan Home library Current library Date acquired Vendor Budget Code Full call number Barcode Date last seen Bill Date Koha item type Original Barcode
Withdrawn       Cummins College of Engineering for Women Pune Cummins College of Engineering for Women Pune 17/11/1998 Masurkar Enterprises GENRL 623.1 CCEP-BK-8960 18/07/2023 18/07/2023 Books 008960